000 00509nam a2200181Ia 4500
008 230524s9999 xx 000 0 und d
020 _a9789384588748
082 _bNAN
100 _aNandanandan Das
_942918
245 0 _aFine-Tuning of Road and Building projects An Outcome of Practice
250 _a1
260 _aNew Delhi
_bI.K.International
_c2016
300 _a163p:
500 _aQuantity Number: 1
650 _aCivil
700 _a"Aditya Kumar Das, Sanjaya Kumar Patra"
_942919
942 _cBK
999 _c57886
_d57886